000 00977nam a2200217Ia 4500
003 Ost
005 20260507075635.0
008 260507s9999||||xx |||||||||||||| ||und||
020 _a1965394977
040 _cfsecg
041 _aara
082 _a368.384
100 _aمنصور، محمد حسين
_eمؤلف
245 0 _aالمسؤولية عن حوادث السيارات والتأمين الإجباري منها /
_c محمد حسين منصور
260 _aالإسكندرية:
_bدار الجامعة الحديثة للنشر,
_c2003
300 _a382 صفحة؛
_bإيضاحات ؛
_c24 سم
520 _aالمسؤولية عن حادث السيارة- التأمين الإجباري من المسؤولية عن حادث السيارة- الإضرار التي يغطيها التأمين الإجباري على السيارة- دعاوي التأمين الإجباري
653 _aالتأمين
653 _aالحوادث
942 _cكتاب
999 _c45281
_d45281